Insect Pests of the Food Industry /

Salvato in:
Dettagli Bibliografici
Natura: Libro
Lingua:spagnolo
Pubblicazione: Danville, EUA : Lauhoff Grain, 1967, c1967
Soggetti:
Tags: Aggiungi Tag
Nessun Tag, puoi essere il primo ad aggiungerne!!

MARC

LEADER 00000nam^a2200000^a^4500
001 000263678
005 20250619000000.0
009 20260526133740.323
025 |a Donación sin dato, 1 ejemplar 
037 |a Acervo ITESO - Biblioteca 
041 |a ESP 
082 |a 632. 7  |b INS 
245 0 0 |a Insect Pests of the Food Industry / 
264 4 |a Danville, EUA :  |b Lauhoff Grain,  |c 1967, c1967 
300 |a 60 p. 
336 |a texto  |b txt  |2 rdacontenido 
337 |a sin mediación  |b n  |2 rdamedio 
338 |a volumen  |b nc  |2 rdasoporte 
649 |a XX 
650 |a Insectos Perjudiciales y Benéficos -  |x Tema Principal 
650 |a Plagas Agrícolas 
650 |a Salud Pública 
650 |a Industria Alimenticia 
650 |a Plagas 
910 |a Fondo General 
920 |a Impresos - Libros 
930 |a Colección General 
905 |a 101 
901 |a 0500144723  |b IT1  |c ACC  |d DT  |i D  |u 20250619 
902 |a https://opac.biblio.iteso.mx/vufind/Record/000263678